000
00245 a2200109 4500
001
68533
040
_c
Anchieta - Itaigara
240
1
0
_a
A orquestra tintim por tintim
_l
245
1
0
_a
A orquestra tintim por tintim
650
4
_a
Musica
942
_c
MU
999
_c
68533
_d
68533